Comparison of demographic development in the CR and the EU countries
Demografický vývoj ľudskej spoločnosti je ovplyňovaný ekonomickými i politickými zmenami. Pre demografický vývoj väčšiny krajín EÚ, a teda aj Česka je charakteristická zmena vekovej štruktúry, zvýšenie podielu tretej biologickej generácie a tým starnutie populácie. Cieľom článku je posúdiť regionáln...
Uložené v:
| Hlavný autor: | |
|---|---|
| Médium: | Kapitola |
| Jazyk: | English |
| Predmet: | |
| Tagy: |
Žiadne tagy, Buďte prvý, kto otaguje tento záznam!
|
MARC
| LEADER | 00000naa$a2200000$$$4500 | ||
|---|---|---|---|
| 001 | 0114764 | ||
| 005 | 20231129065841.0 | ||
| 041 | 0 | |a eng | |
| 044 | |a CZ | ||
| 245 | 1 | 0 | |a Comparison of demographic development in the CR and the EU countries |c Libuše Svatošová |
| 520 | |a Demografický vývoj ľudskej spoločnosti je ovplyňovaný ekonomickými i politickými zmenami. Pre demografický vývoj väčšiny krajín EÚ, a teda aj Česka je charakteristická zmena vekovej štruktúry, zvýšenie podielu tretej biologickej generácie a tým starnutie populácie. Cieľom článku je posúdiť regionálnu diferencovanosť vývoja v jednotlivých krajoch ČR a nájsť podobu s krajinami EÚ. | ||
| 610 | 2 | 0 | |a demografia |
| 610 | 2 | 0 | |a vývoj |
| 610 | 2 | 0 | |a Česko |
| 610 | 2 | 0 | |a Európska únia |
| 610 | 2 | 0 | |a starnutie populácie |
| 100 | 1 | |a Svatošová, Libuše | |